000 00770nam a2200253Ia 4500
003 GCL
008 140319s9999 xx 000 0 ara d
040 _aGCL /
_cGCL
082 0 4 _a025.2
_bم ق
100 1 _aموتيليوف ف م
245 1 0 _aقدم التكيك العلمى للمصنفات /
_cموتيليوف ف م
700 1 _aمحمد طربوش (مترجم)
260 _a[S.N] :
_bمركز الدراسات والبحوث اليمنى ،
_c1993
300 _a238 ص
490 _a
650 0 4 _aالعلم
650 0 4 _aمكتبات الاطفال
650 0 4 _aالاجراءات الفنية
650 0 4 _aالكتب
650 0 4 _aالتصنيف
650 0 4 _aمكتبات
650 0 4 _aالتزويد ( مكتبات )
942 _2ddc
_cBK
999 _c36021
_d36021